000 00329nam a22001457a 4500
008 221220b ||||| |||| 00| 0 eng d
020 _a9780205295906
041 _aeng
080 _2fifth edition
_a7
082 _a7CAM
100 _a19
101 _aART
245 _aTHE ENJOYMENT OF THEATRE
_cCAMERON M K
942 _2udc
_cBK
999 _c59217
_d59217